FC Bayern Rückennummerhistorie #7 - Statistiken

Allgemein
  • Dieses Quiz wurde 33 mal gespielt
  • Das Durchschnittsergebnis liegt bei 6 aus 44
Antwortstatistiken
Hint Antwort % Korrekt
2007-2019 Franck Ribery
91%
seit 2020/21 Serge Gnabry
88%
1992-2007 Mehmet Scholl
72%
1975-78 Karl-Heinz Rummenigge
28%
1994-96 Alexander Zickler
19%
1990/91 Christian Ziege
19%
1966/67 Franz Roth
16%
1994/95; 1991/92 Michael Sternkopf
16%
1990/91 Thomas Strunz
16%
1978-83; 1972-75 Bernd Dürnberger
13%
1993/94 Christian Nerlinger
13%
1994/95 Dieter Frey
13%
1986/87 Hansi Flick
13%
1994/95 Jorginho
13%
1994-96 Dietmar Hamann
9%
1982-85 Hans Pflügler
9%
1990/91 Stefan Reuter
9%
1972-74 Edgar Schneider
6%
1989-91 Hans Dorfner
6%
1987/88 Helmut Winklhofer
6%
1991-94 Jan Wouters
6%
1988/89 Jürgen Wegmann
6%
1988-90 Ludwig Kögl
6%
1990/91 Manfred Schwabl
6%
1983-85 Norbert Nachtweih
6%
1962/63 Rainer Ohlhauser
6%
1985-88 Roland Wohlfarth
6%
1988/89 Armin Eck
3%
1978/79 Branko Oblak
3%
1973-75 Conny Torstensson
3%
1966/67 Dieter Koulmann
3%
1971/72 Franz Krauthausen
3%
1984-86 Holger Willmer
3%
1981/82 Karl Del'Haye
3%
1975/76 Klaus Wunder
3%
1989-92 Manfred Bender
3%
1962/63 Norbert Wodarzik
3%
1962/63 Peter Grosser
3%
1977/78 Rainer Künkel
3%
1985/86 Reinhold Mathy
3%
1962/63 Rudolf Grosser
3%
1983/84 Wolfgang Kraus
3%
1985/86 Bertram Beierlozer
0%
1966/67 Rudolf Nafziger
0%
Keine übereinstimmenden Quizze gefunden
Verteilung der Resultate
Anzahl Personen mit jedem Resultat
Perzentil nach korrekt beantworteten Fragen
Ihre Resultats-Entwicklung
Sie haben dieses Quiz noch nicht gespielt